E-marketing / (Record no. 1702)
[ view plain ]
| 000 -LEADER | |
|---|---|
| Fixed length control field | 00539nam a2200193 4500 |
| 003 - CONTROL NUMBER IDENTIFIER | |
| Control field | SEACOMEC |
| 005 - DATE AND TIME OF LATEST TRANSACTION | |
| Control field | 20240911151945.0 |
| 008 - FIXED-LENGTH DATA ELEMENTS--GENERAL INFORMATION | |
| Fixed length control field | 240911b |||||||| |||| 00| 0 eng d |
| 020 ## - INTERNATIONAL STANDARD BOOK NUMBER / ISBN | |
| International Standard Book Number | 0131969021 |
| Price | 325.00 |
| 040 ## - CATALOGING SOURCE | |
| Original cataloging agency | SEACOMEC |
| 082 ## - DEWEY DECIMAL CLASSIFICATION NUMBER | |
| Classification number | 658.872 |
| Book Number | S912 |
| 100 ## - MAIN ENTRY--PERSONAL NAME | |
| Personal name | Strauss, Judy. |
| 245 ## - TITLE STATEMENT | |
| Title | E-marketing / |
| Statement of responsibility | Judy Strauss, Adel El-Ansary, Raymond Frost- |
| 250 ## - EDITION STATEMENT | |
| Edition statement | 4th ed |
| 260 ## - IMPRINT | |
| Place of publication | New Delhi |
| Name of publisher | Pearson/Prentice Hall, |
| Date of publication | c2006. |
| 300 ## - PHYSICAL DESCRIPTION | |
| Page / Vol. No | xxiii, 456 p: ill; 23 cm. |
| 650 ## - SUBJECT ADDED ENTRY--TOPICAL TERM | |
| Topical term | Internet marketing |
| 942 ## - ADDED ENTRY ELEMENTS (KOHA) | |
| Koha item type | Books |
| Withdrawn status | Lost status | Source of classification | Damaged status | Not for loan | Home library | Current library | Date acquired | Total Checkouts | Call number | Accession number | Date last seen | Price effective from | Koha item type | Copy number |
|---|---|---|---|---|---|---|---|---|---|---|---|---|---|---|
| Dewey Decimal Classification | SEACOM ENGINEERING COLLEGE | SEACOM ENGINEERING COLLEGE | 11/09/2024 | 658.872 S912 | 7489 | 11/09/2024 | 11/09/2024 | Books | ||||||
| Dewey Decimal Classification | SEACOM ENGINEERING COLLEGE | SEACOM ENGINEERING COLLEGE | 11/09/2024 | 658.872 S912 | 7490 | 11/09/2024 | 11/09/2024 | Books | 1 | |||||
| Dewey Decimal Classification | SEACOM ENGINEERING COLLEGE | SEACOM ENGINEERING COLLEGE | 11/09/2024 | 658.872 S912 | 7491 | 11/09/2024 | 11/09/2024 | Books | 2 | |||||
| Dewey Decimal Classification | SEACOM ENGINEERING COLLEGE | SEACOM ENGINEERING COLLEGE | 11/09/2024 | 658.872 S912 | 7492 | 11/09/2024 | 11/09/2024 | Books | 3 | |||||
| Dewey Decimal Classification | SEACOM ENGINEERING COLLEGE | SEACOM ENGINEERING COLLEGE | 11/09/2024 | 658.872 S912 | 7493 | 11/09/2024 | 11/09/2024 | Books | 4 |
